Spell the Marvel Character #59 - Statistics

General Stats
  • This quiz has been taken 31 times
  • The average score is 9 of 13
Answer Stats
Picture Answer % Correct
Quicksilver
95%
Spider-Gwen
95%
Lady Deadpool
86%
Enigma
71%
Ikaris
71%
Red Dagger
71%
Squirrel Girl
71%
Inferno
67%
Lionheart
57%
Red Wolf
52%
Guardian
48%
Rintrah
48%
Ultragirl
24%
No matching quizzes found
Score Distribution
Percent of People with Each Score
Percentile by Number Answered
Your Score History
You have not taken this quiz